Random NFL Trivia - Statistics

General Stats
  • This quiz has been taken 377 times
  • The average score is 7 of 20
Answer Stats
Hint Answer % Correct
First team to go undefeated and win the superbowl Miami Dolphins
90%
First team to go 0-16 Detroit Lions
83%
Player with the nickname "the bus" Jerome Bettis
68%
City with the most super bowl hosted Miami
59%
Only team to never have a 4000yd passer Chicago Bears
57%
QB for the Patriots for week 7 1997 Drew Bledsoe
46%
Farthest north city to host the superbowl Minneapolis
46%
3rd Superbowl winning team New York Jets
44%
Oldest NFL team Arizona Cardinals
40%
First 4000yd passer Joe Namath
30%
Team with the highest Win/Loss % Dallas Cowboys
28%
First overall pick of the 2007 draft JaMarcus Russell
23%
Who did the NFL merge with in 1970 American Football League
21%
Official hotel of the NFL Marriott
21%
The owner of Fulham F.C. owns which NFL team Jacksonville Jaguars
16%
14th Superbowl MVP Terry Bradshaw
15%
Player who led the league in rec yds in 2013 Josh Gordon
14%
Tua's first name Tuanigamanuolepola
13%
Who lost super bowl 7 Washington Redskins
13%
Only kicker to win MVP Mark Moseley
12%
No matching quizzes found
Score Distribution
Percent of People with Each Score
Percentile by Number Answered
Your Score History
You have not taken this quiz